00912nam a22002657a 45000010005000000030006000050050017000110080041000280200018000690400029000870500014001160820010001301000027001402450085001672500009002522600035002613000045002965050007003415200173003485210019005215210018005406500032005586500020005907000036006105067FISKH20250826100001.0241104b cb ||||| |||| 00| 0 eng d a9780439693226 aFISKHbengcFISKHdFISKH aSF428.L85 a636.7 aLuke, Melindad(1989-) aHelping paws dogs that serve /cBy Melinda Luke Illustrated by Marcy Dunn Ramsey a2001 aNew York :bScholastic,c2001. a45 pages :bcolor illustrations ;c23 cm aR  aStarting with lively and easy-to-understand explanations of dogs' senses, theauthor describes the historical and contemporary roles of canines. Full-colorillustrations.8 a780 bLexile 8 aR bRaz-Plus  2DogsaAnimalsvService dogs 2HeroesaHelping aRamsey, Dunn MarcydIllustrator